000
00270nam a22001097a 4500
008
170120b xxu||||| |||| 00| 0 eng d
020
_a
087258433X
041
_a
eng
080
_a
618.2
245
_a
RESOLING ETHICAL ISSUES IN HOSPITAL CARE
_c
HOFMANN, P.B
942
_2
udc
_c
BK
999
_c
3296
_d
3296